000 00367nam a22001457a 4500
020 _a81-7301-229-6
082 _a823
_bDRE/C
100 _aDREAMLAND
245 _aAESOP'S FABLES: THE CROW AND THE NIGHTINGALE
_bAESOP'S FABLES
260 _aDELHI
_bDREAMLAND
300 _a16
520 _aENGLISH SHORT STORIES
650 _aENGLISH SHORT STORIES
_zDELHI
942 _cBK
999 _c5084
_d5084